Govt. of
Madhya Pradesh

मध्‍यप्रदेश माध्‍यमिक शिक्ष‍क (विषय) चयन परीक्षा 2025 विज्ञान वर्ग 2 (Record no. 67856)

MARC details
000 -LEADER
fixed length control field 00601nam a22001577a 4500
003 - CONTROL NUMBER IDENTIFIER
control field macl
005 - DATE AND TIME OF LATEST TRANSACTION
control field 20250403141815.0
008 - FIXED-LENGTH DATA ELEMENTS--GENERAL INFORMATION
fixed length control field 250403b |||||||| |||| 00| 0 eng d
040 ## - CATALOGING SOURCE
Transcribing agency macl
082 ## - DEWEY DECIMAL CLASSIFICATION NUMBER
Classification number 500
100 ## - MAIN ENTRY--PERSONAL NAME
Personal name डॉ.प्रताप सिंह
9 (RLIN) 83084
245 ## - TITLE STATEMENT
Title मध्‍यप्रदेश माध्‍यमिक शिक्ष‍क (विषय) चयन परीक्षा 2025 विज्ञान वर्ग 2
260 ## - PUBLICATION, DISTRIBUTION, ETC. (IMPRINT)
Place of publication, distribution, etc. अरिहन्‍त पब्लिकेशन्‍स
Date of publication, distribution, etc. 2025
650 ## - SUBJECT ADDED ENTRY--TOPICAL TERM
Topical term or geographic name as entry element विज्ञान
942 ## - ADDED ENTRY ELEMENTS (KOHA)
Source of classification or shelving scheme
Koha item type Competitive Books
Holdings
Withdrawn status Lost status Source of classification or shelving scheme Damaged status Not for loan Home library Current library Date acquired Cost, normal purchase price Total Checkouts Full call number Barcode Date last seen Price effective from Koha item type
          MACL MACL 03/04/2025 500.00   500 DPI003324 03/04/2025 03/04/2025 Competitive Books
          MACL MACL 03/04/2025 500.00   500 DPI003325 03/04/2025 03/04/2025 Competitive Books